00689 2200229 4500001002100000005001700021008004100038035002400079040001200103041000800115082001600123084001600139090001800155100001900173245011800192260004100310300003200351500001500383650003100398850001200429990001800441INLIS00000000003077220170908104124.0  0010-091700000000140 aYOPDYOG0 adut04a133.6b[23] a133.6 Kla H aL 133.6 Kla H1 aKLAGES, Ludwig1 aHandschrift en karakterc/ Ludwig Klages ; Voor ons taalgebied, in overieg met de auteur, bewerkt door, H. Dulfer aDen HaagbBoek en Periodrekc[ s.a ] a244 hlm.b: ilus.c; 25 cm. ahlm. 9-244 4aPalmistri (Ramalan Tangan) aYOPDYOG a56838-PD/A.17